Theoretical geography / (Record no. 68531)
[ view plain ]
| 000 -LEADER | |
|---|---|
| fixed length control field | 00830nam a2200253 a 4500 |
| 001 - CONTROL NUMBER | |
| control field | 68531 |
| 003 - CONTROL NUMBER IDENTIFIER | |
| rucl marc code | BD-RjUL |
| 005 - DATE AND TIME OF LATEST TRANSACTION | |
| control field | 20211209081801.0 |
| 008 - FIXED-LENGTH DATA ELEMENTS--GENERAL INFORMATION | |
| fixed length control field | 170403s1962 sw ab b 000 0 eng d |
| 035 ## - SYSTEM CONTROL NUMBER | |
| System control number | (BD-RjUL)68741 |
| 040 ## - CATALOGING SOURCE | |
| Original cataloging agency | AKR |
| Transcribing agency | AKR |
| Modifying agency | RCD |
| -- | BD-RjUL |
| Language of cataloging | eng |
| 041 ## - LANGUAGE CODE | |
| Language code of text/sound track or separate title | eng |
| 082 ## - DEWEY DECIMAL CLASSIFICATION NUMBER | |
| Edition number | 23 |
| Classification number | 910 |
| Author mark and year | BUT 1962 |
| 100 1# - MAIN ENTRY--PERSONAL NAME | |
| Personal name | Bunge, William, |
| 9 (RLIN) | 203119 |
| 245 10 - TITLE STATEMENT | |
| Title | Theoretical geography / |
| Statement of responsibility, etc. | by William Bunge. |
| 260 ## - PUBLICATION, DISTRIBUTION, ETC. (IMPRINT) | |
| Place of publication, distribution, etc. | Lund : |
| Name of publisher, distributor, etc. | C. W. K. Gleerup, |
| Date of publication, distribution, etc. | 1962. |
| 300 ## - PHYSICAL DESCRIPTION | |
| Pagination | xii, 210 p. : |
| Illustrations | ill. ; |
| Size | 25 cm. |
| 490 1# - SERIES STATEMENT | |
| Series statement | Lund studies in geography. Ser. C, General and mathematical geography ; |
| Volume/sequential designation | no. 1 |
| 500 ## - GENERAL NOTE | |
| General note | Revision of thesis, University of Washington. |
| 504 ## - BIBLIOGRAPHY, ETC. NOTE | |
| Bibliography, etc | Bibliography: p. [199]-210. |
| 650 #0 - SUBJECT ADDED ENTRY--TOPICAL TERM | |
| Topical term or geographic name as entry element | Geography |
| General subdivision | Methodology. |
| 9 (RLIN) | 117604 |
| 830 #0 - SERIES ADDED ENTRY--UNIFORM TITLE | |
| Uniform title | Lund studies in geography. |
| Volume number/sequential designation | no. 1. |
| 942 ## - ADDED ENTRY ELEMENTS (KOHA) | |
| Source of classification or shelving scheme | Dewey Decimal Classification |
| Koha item type | Books |
| Lost status | Source of classification or shelving scheme | Damaged status | Not for loan | Collection code | Permanent Location | Current Location | Shelving location | Date acquired | Source of acquisition | Cost, normal purchase price | Total Checkouts | Full call number | Date last seen | Copy number | Koha item type |
|---|---|---|---|---|---|---|---|---|---|---|---|---|---|---|---|
| Dewey Decimal Classification | Not For Loan | Non-fiction | Central Library, University of Rajshahi | Central Library, University of Rajshahi | Reading Room | 20/05/1965 | Sweets & Zeittinger | 56.00 | 910 BUT 1962 | 03/04/2017 | C-1 | Books |